[Event "World Rapid Team 2023"]
[Site "Dusseldorf GER"]
[Date "2023.08.26"]
[Round "2.7"]
[Board "4"]
[White "Gumularz, Szymon"]
[Black "Bremner, Adam"]
[Result "1-0"]
[WhiteTitle "GM"]
[BlackTitle "CM"]
[WhiteElo "2588"]
[BlackElo "2176"]
[WhiteTeam "Columbus Energy KingsOfChess Krakow"]
[BlackTeam "The Sharks"]
[WhiteFideId "1188062"]
[BlackFideId "2400847"]
[EventDate "2023.08.26"]

1. c4 e6 2. g3 d5 3. Bg2 Nf6 4. Nf3 Be7 5. O-O O-O 6. d3 c5 7. cxd5 Nxd5 8. Nc3
Nc6 9. Bd2 b6 10. a3 Bb7 11. Rb1 Nxc3 12. bxc3 c4 13. d4 Bxa3 14. Ne5 Na5 15.
Bxb7 Nxb7 16. Qa4 Be7 17. Qxc4 Na5 18. Qd3 Bf6 19. Ng4 Rc8 20. Ra1 h5 21. Ne3
Qd7 22. Rad1 Rfd8 23. f4 g6 24. g4 hxg4 25. Nxg4 Bg7 26. e4 Nc4 27. Bc1 e5 28.
Nxe5 Nxe5 29. fxe5 Bxe5 30. Qf3 Bg7 31. Kh1 Rc6 32. Bg5 Rdc8 33. Rd3 b5 34. e5
Re6 35. Qg3 Qd5+ 36. Kg1 b4 37. cxb4 Rc4 38. Qg2 Qxg2+ 39. Kxg2 Rxb4 40. Rc1 Re8
41. Rc7 a5 42. Be7 Rxd4 43. Rxd4 Bxe5 44. Rdc4 Bxc7 45. Rxc7 Ra8 46. Kf3 a4 47.
Ba3 Kg7 48. Kf4 Kf6 49. Rc6+ Kg7 50. h4 Ra5 51. Bb2+ Kh7 52. Rc8 f6 53. Kg4 Ra6
54. Rc7+ Kg8 55. Ba3 Re6 56. Kf4 Rb6 57. Ke4 Rb3 58. Be7 Rb6 59. Kd5 Ra6 60. Ba3
Rb6 61. Rc4 Ra6 62. Ke4 Kh7 63. Kf3 Kh6 64. Kg4 Ra7 65. Rc6 Kg7 66. Bb2 a3 67.
Bxf6+ Kf7 68. Ba1 a2 69. Rf6+ Ke7 70. Rxg6 Ra4+ 71. Kg3 Ra3+ 72. Kg2 Ra5 73. Rb6
Kf7 74. Rf6+ Ke7 75. Kg3 Ra4 76. Rf4 Ra3+ 77. Kg4 Ke6 78. h5 Rd3 79. Rf6+ Ke7
80. Rf2 Ra3 81. h6 Ra4+ 82. Kg5 Ra5+ 83. Kg6 Ra6+ 84. Kg7 Ra3 85. Re2+ Kd7 86.
h7 Rg3+ 87. Kf7 Rf3+ 88. Kg6 Rg3+ 89. Kf5 1-0

[Event "World Rapid Team 2023"]
[Site "Dusseldorf GER"]
[Date "2023.08.26"]
[Round "2.7"]
[Board "5"]
[White "Ivanov, Elizabeth"]
[Black "Maltsevskaya, Aleksandra"]
[Result "0-1"]
[BlackTitle "IM"]
[WhiteElo "1601"]
[BlackElo "2386"]
[WhiteTeam "The Sharks"]
[BlackTeam "Columbus Energy KingsOfChess Krakow"]
[WhiteFideId "427284"]
[BlackFideId "24174041"]
[EventDate "2023.08.26"]

1. e4 c5 2. Nc3 Nc6 3. f4 e6 4. Bb5 d5 5. d3 d4 6. Nce2 Qa5+ 7. Bd2 Qxb5 8. Nf3
Nf6 9. O-O Be7 10. c4 dxc3 11. Bxc3 O-O 12. a4 Qb6 13. Kh1 Rd8 14. Qc2 Nb4 15.
Bxb4 cxb4 16. Ne5 b3 17. Qc1 Bd7 18. Nc4 Qb4 19. f5 exf5 20. exf5 b5 21. axb5
Bxb5 22. Rf4 Bxc4 23. Rxc4 Qb6 24. Qf4 Rxd3 25. Rac1 Rad8 26. h3 Rd1+ 27. Ng1
Qxg1# 0-1

[Event "World Rapid Team 2023"]
[Site "Dusseldorf GER"]
[Date "2023.08.26"]
[Round "2.8"]
[Board "1"]
[White "Donchenko, Alexander"]
[Black "Dyachuk, Artem"]
[Result "1-0"]
[WhiteTitle "GM"]
[BlackTitle "FM"]
[WhiteElo "2684"]
[BlackElo "2242"]
[WhiteTeam "Germany and Friends"]
[BlackTeam "Chess Wizzards"]
[WhiteFideId "24603295"]
[BlackFideId "34107924"]
[EventDate "2023.08.26"]

1. Nf3 Nf6 2. c4 e6 3. g3 b6 4. Bg2 Bb7 5. d4 Bb4+ 6. Bd2 c5 7. Bxb4 cxb4 8. O-O
O-O 9. a3 d5 10. Nbd2 Qe7 11. Qa4 dxc4 12. axb4 Bd5 13. b5 Rc8 14. Rac1 Qc7 15.
Ne5 Nbd7 16. e4 Bb7 17. Rxc4 Qd6 18. Nc6 e5 19. Qa3 Qxa3 20. bxa3 Kf8 21. f4 Ng4
22. Bh3 h5 23. fxe5 a6 24. a4 axb5 25. axb5 Ra2 26. Bxg4 hxg4 27. Rf2 Ra1+ 28.
Kg2 Ke8 29. h3 Rca8 30. Rc2 Rd1 31. hxg4 Raa1 32. Nc4 Rg1+ 33. Kf3 Ba8 34. g5
Nf8 35. Nd6+ Kd7 36. Kg4 1-0

[Event "World Rapid Team 2023"]
[Site "Dusseldorf GER"]
[Date "2023.08.26"]
[Round "2.8"]
[Board "2"]
[White "Nechitaylo, Nikita"]
[Black "Bluebaum, Matthias"]
[Result "0-1"]
[BlackTitle "GM"]
[WhiteElo "2116"]
[BlackElo "2670"]
[WhiteTeam "Chess Wizzards"]
[BlackTeam "Germany and Friends"]
[WhiteFideId "34138161"]
[BlackFideId "24651516"]
[EventDate "2023.08.26"]

1. d4 d5 2. c4 e6 3. Nc3 Bb4 4. cxd5 exd5 5. Qa4+ Nc6 6. Bf4 Nf6 7. e3 O-O 8.
Bd3 Nh5 9. Ne2 a6 10. O-O Re8 11. Qc2 h6 12. a3 Bf8 13. b4 Nxf4 14. Nxf4 Ne7 15.
Qb3 c6 16. a4 Bf5 17. b5 axb5 18. axb5 Qd6 19. bxc6 bxc6 20. Qc2 Bxd3 21. Nxd3
Ng6 22. Na4 Qf6 23. Rfc1 Qf5 24. Nab2 Rxa1 25. Rxa1 Rc8 26. Rc1 Bd6 27. Ne1 Qf6
28. Na4 Nf8 29. Nd3 Ne6 30. Nac5 Ng5 31. Nd7 Qe6 32. Nb6 Rb8 33. Qxc6 Rxb6 34.
Qa8+ Rb8 35. Qa2 Qf5 36. Ne1 h5 37. Qa6 Rb1 38. Rxb1 Qxb1 39. Kf1 Bb4 40. Qe2
Ne4 41. f3 Nd6 42. Kf2 Bxe1+ 43. Qxe1 Qxe1+ 44. Kxe1 f6 45. Kd2 Kf7 46. Kc3 Ke6
47. h3 Nf5 48. e4 Nh4 49. g4 Nxf3 50. exd5+ Kxd5 51. gxh5 Nxd4 52. Kd3 Ke5 53.
Ke3 Ne6 54. Kf3 Kf5 55. h4 Nf4 0-1

[Event "World Rapid Team 2023"]
[Site "Dusseldorf GER"]
[Date "2023.08.26"]
[Round "2.8"]
[Board "3"]
[White "Svane, Rasmus"]
[Black "Korchynskyi, Mykola"]
[Result "1-0"]
[WhiteTitle "GM"]
[WhiteElo "2631"]
[BlackElo "2016"]
[WhiteTeam "Germany and Friends"]
[BlackTeam "Chess Wizzards"]
[WhiteFideId "4657101"]
[BlackFideId "34138005"]
[EventDate "2023.08.26"]

1. Nf3 d5 2. g3 Nf6 3. Bg2 e6 4. O-O Be7 5. c4 O-O 6. b3 b6 7. d4 Bb7 8. Nc3
Nbd7 9. Bb2 Rc8 10. Rc1 c5 11. Ne1 cxd4 12. Qxd4 Bc5 13. Qd2 Ne4 14. Nxe4 dxe4
15. Rd1 Nf6 16. Qc2 Qe7 17. Bxf6 Qxf6 18. Bxe4 Bxe4 19. Qxe4 Rcd8 20. Rxd8 Rxd8
21. Nd3 g6 22. b4 Bf8 23. c5 bxc5 24. bxc5 Qc3 25. c6 Ba3 26. Rb1 Rc8 27. Rb3
Qa1+ 28. Kg2 Bd6 29. Rb2 Qd1 30. h4 h5 31. Qc4 Qa1 32. Rb7 Qd1 33. Rd7 Bf8 34.
Qf4 f5 35. Qg5 1-0

[Event "World Rapid Team 2023"]
[Site "Dusseldorf GER"]
[Date "2023.08.26"]
[Round "2.8"]
[Board "4"]
[White "Kliashtornyi, Arkadii"]
[Black "Kollars, Dmitrij"]
[Result "0-1"]
[BlackTitle "GM"]
[WhiteElo "1975"]
[BlackElo "2628"]
[WhiteTeam "Chess Wizzards"]
[BlackTeam "Germany and Friends"]
[WhiteFideId "34119698"]
[BlackFideId "12909572"]
[EventDate "2023.08.26"]

1. d4 Nf6 2. g3 e6 3. Bg2 c5 4. Nf3 cxd4 5. Nxd4 d5 6. O-O e5 7. Nb3 Be7 8. Nc3
Be6 9. Bg5 Nbd7 10. e3 O-O 11. Qe2 h6 12. Bxf6 Nxf6 13. Rfd1 Rc8 14. Qb5 Rxc3
15. bxc3 Qc7 16. Qd3 Rc8 17. a4 g6 18. Rd2 a6 19. Rad1 Bg4 20. f3 Be6 21. e4
dxe4 22. fxe4 Kg7 23. h3 h5 24. Kh2 h4 25. g4 Nh7 26. c4 Bg5 27. Rf2 Rd8 28. Qe2
Bxc4 29. Qe1 Bf4+ 30. Kh1 Bg3 31. Rxd8 Qxd8 32. Rd2 Qg5 33. Qd1 Qe3 34. Qg1 Qf4
35. Rd7 Nf6 36. Rd2 Bxb3 0-1

[Event "World Rapid Team 2023"]
[Site "Dusseldorf GER"]
[Date "2023.08.26"]
[Round "2.8"]
[Board "5"]
[White "Bashylina, Luisa"]
[Black "Tarasenko, Nazar"]
[Result "0-1"]
[WhiteTitle "WFM"]
[WhiteElo "2152"]
[BlackElo "1888"]
[WhiteTeam "Germany and Friends"]
[BlackTeam "Chess Wizzards"]
[WhiteFideId "12983292"]
[BlackFideId "34161430"]
[EventDate "2023.08.26"]

1. d4 d5 2. c4 c6 3. Nf3 Nf6 4. Nc3 a6 5. c5 Nbd7 6. h3 Qc7 7. Bg5 h6 8. Bh4 e5
9. Bg3 Nh5 10. Bxe5 Nxe5 11. Nxe5 Bxc5 12. e3 Nf6 13. Nxf7 Qxf7 14. dxc5 O-O 15.
Qc2 Nd7 16. Na4 Ne5 17. f4 Bf5 18. Qd2 Ng6 19. O-O-O Rae8 20. Bd3 Bxd3 21. Qxd3
d4 22. Qxd4 Nh4 23. g3 Nf5 24. Qd7 Re7 25. Qd2 Nxe3 26. Rde1 Qxa2 27. Nc3 Qa1+
28. Nb1 Rfe8 29. Qd4 Re4 30. Qd7 Rc4+ 31. Kd2 Qxb2+ 0-1

[Event "World Rapid Team 2023"]
[Site "Dusseldorf GER"]
[Date "2023.08.26"]
[Round "2.8"]
[Board "6"]
[White "Hladeniuk, Yelyzaveta"]
[Black "Lobkin, Bohdan"]
[Result "0-1"]
[WhiteElo "1362"]
[BlackElo "1795"]
[WhiteTeam "Chess Wizzards"]
[BlackTeam "Germany and Friends"]
[WhiteFideId "34176128"]
[BlackFideId "34115552"]
[EventDate "2023.08.26"]

1. d4 Nf6 2. c4 c5 3. d5 e6 4. dxe6 fxe6 5. Bf4 d5 6. e3 Bd6 7. Ne2 O-O 8. g3 h6
9. Bg2 e5 10. Bxd5+ Kh8 11. Bxh6 gxh6 12. O-O Nxd5 13. Qxd5 Bc7 14. Qxc5 Bh3 15.
Rc1 Qf6 16. Nf4 exf4 17. exf4 Bb6 18. Qa3 Na6 19. Qf3 Qc6 20. Qxc6 bxc6 21. Nc3
Rad8 22. Re1 Rd2 23. Ne4 Rxb2 24. a4 Bd4 25. Rab1 Rfb8 26. Rxb2 Rxb2 27. Nd6
Bxf2+ 28. Kh1 Bxe1 29. Nf7+ Kg7 30. Ne5 Bd2 0-1

[Event "World Rapid Team 2023"]
[Site "Dusseldorf GER"]
[Date "2023.08.26"]
[Round "2.9"]
[Board "1"]
[White "Aravindh, Chithambaram VR."]
[Black "So, Wesley"]
[Result "1-0"]
[WhiteTitle "GM"]
[BlackTitle "GM"]
[WhiteElo "2645"]
[BlackElo "2769"]
[WhiteTeam "Six-pack"]
[BlackTeam "WR Chess"]
[WhiteFideId "5072786"]
[BlackFideId "5202213"]
[EventDate "2023.08.26"]

1. d4 d5 2. Nf3 e6 3. e3 c5 4. b3 Nf6 5. Bd3 b6 6. O-O Nc6 7. Bb2 Bb7 8. Nbd2
Rc8 9. c4 cxd4 10. exd4 Nb4 11. Bb1 Nc6 12. Re1 Be7 13. Bd3 O-O 14. Rc1 Re8 15.
a3 Bf8 16. c5 a5 17. Bc3 bxc5 18. dxc5 e5 19. Nxe5 d4 20. Nxc6 Rxe1+ 21. Qxe1
Bxc6 22. Bb2 Qd5 23. Bf1 Bxc5 24. Nc4 Ne4 25. b4 axb4 26. axb4 Ba7 27. Ra1 Bb8
28. Ra5 Qd8 29. Bd3 Qh4 30. Ne5 Bxe5 31. Rxe5 Nf6 32. f3 Qxe1+ 33. Rxe1 Rb8 34.
Rc1 Be8 35. b5 h6 36. Bxd4 Bxb5 37. Rb1 1-0

[Event "World Rapid Team 2023"]
[Site "Dusseldorf GER"]
[Date "2023.08.26"]
[Round "2.9"]
[Board "2"]
[White "Abdusattorov, Nodirbek"]
[Black "Mohammad, Nubairshah Shaikh"]
[Result "1-0"]
[WhiteTitle "GM"]
[BlackTitle "IM"]
[WhiteElo "2725"]
[BlackElo "2430"]
[WhiteTeam "WR Chess"]
[BlackTeam "Six-pack"]
[WhiteFideId "14204118"]
[BlackFideId "5053196"]
[EventDate "2023.08.26"]

1. e4 c6 2. Nf3 d5 3. d3 dxe4 4. dxe4 Qxd1+ 5. Kxd1 Nf6 6. Nfd2 g5 7. Nc3 h5 8.
h3 Nbd7 9. Nf3 g4 10. hxg4 Nxg4 11. Ke1 e5 12. Nh4 Nc5 13. f3 Nh6 14. Be3 b5 15.
Ne2 Rg8 16. g3 f6 17. Bh3 a5 18. Bxc8 Rxc8 19. Bxh6 Bxh6 20. Nf5 Bf8 21. Rxh5
Na4 22. b3 Bb4+ 23. Kf1 Nb6 24. Rd1 a4 25. Rh7 axb3 26. axb3 Ra8 27. Rb7 Rh8 28.
Ng7+ Kf8 29. Ne6+ Ke8 30. Nc7+ Kf8 31. Nxa8 Rh1+ 32. Ng1 1-0

[Event "World Rapid Team 2023"]
[Site "Dusseldorf GER"]
[Date "2023.08.26"]
[Round "2.9"]
[Board "3"]
[White "Karthik, Venkataraman"]
[Black "Nepomniachtchi, Ian"]
[Result "0-1"]
[WhiteTitle "GM"]
[BlackTitle "GM"]
[WhiteElo "2562"]
[BlackElo "2779"]
[WhiteTeam "Six-pack"]
[BlackTeam "WR Chess"]
[WhiteFideId "25006479"]
[BlackFideId "4168119"]
[EventDate "2023.08.26"]

1. Nf3 d5 2. d4 Bf5 3. c4 e6 4. Nc3 Nf6 5. Nh4 dxc4 6. Nxf5 exf5 7. e3 Bd6 8.
Bxc4 O-O 9. Qf3 Qc8 10. h3 c5 11. dxc5 Qxc5 12. Bb3 Nc6 13. Bd2 Rad8 14. Rd1 g6
15. O-O Bb8 16. Bc1 Na5 17. Bd5 b5 18. a3 Be5 19. e4 Bxc3 20. bxc3 Nxd5 21. exd5
Nc4 22. Bh6 Rfe8 23. Rfe1 Nd6 24. Rxe8+ Rxe8 25. Qf4 f6 26. Kh2 Nf7 27. Re1 Re5
28. Rxe5 fxe5 29. Qh4 f4 30. Bg5 Qxd5 31. Be7 Qe6 32. Bc5 a6 33. f3 Kg7 34. Bb4
h5 35. Qf2 g5 36. Qc5 g4 37. Qf8+ Kh7 38. hxg4 hxg4 39. Kg1 g3 40. Kf1 Nh6 41.
Qd8 Nf5 42. Qg5 Qg6 43. Qxg6+ Kxg6 44. Bc5 Kf6 45. Ke2 Ke6 0-1

[Event "World Rapid Team 2023"]
[Site "Dusseldorf GER"]
[Date "2023.08.26"]
[Round "2.9"]
[Board "5"]
[White "Priyanka, Nutakki"]
[Black "Kosteniuk, Alexandra"]
[Result "1/2-1/2"]
[WhiteTitle "WGM"]
[BlackTitle "GM"]
[WhiteElo "2283"]
[BlackElo "2532"]
[WhiteTeam "Six-pack"]
[BlackTeam "WR Chess"]
[WhiteFideId "25049615"]
[BlackFideId "4128125"]
[EventDate "2023.08.26"]

1. d4 Nf6 2. c4 e6 3. Nf3 Bb4+ 4. Bd2 Qe7 5. a3 Bxd2+ 6. Qxd2 d6 7. Nc3 e5 8. d5
a5 9. b3 Nbd7 10. e4 Nc5 11. Qc2 Bg4 12. Nd2 O-O 13. h3 Bd7 14. Be2 Ne8 15. O-O
f5 16. b4 Nxe4 17. Ndxe4 fxe4 18. Qxe4 Nf6 19. Qe3 axb4 20. axb4 e4 21. Qd4 h6
22. Rxa8 Rxa8 23. Re1 Bf5 24. Bd3 Re8 25. f3 exd3 26. Rxe7 Rxe7 27. c5 Bg6 28.
Qf4 Re5 29. Qd4 Re1+ 30. Kh2 Kh7 31. g4 Rc1 32. h4 d2 33. h5 Bb1 34. Qxd2 Rc2
35. Nxb1 Rxd2+ 36. Nxd2 Nxd5 37. cxd6 cxd6 38. Nc4 Nxb4 39. Nxd6 b6 40. Kg3 Nd5
41. Nb5 Kg8 42. f4 Kf7 43. g5 Ke6 44. Nd4+ Kf7 45. Kg4 Ne7 46. Kf3 Nd5 47. Ke4
Nc3+ 48. Kd3 Nd5 49. Ke4 Nc3+ 50. Ke5 hxg5 51. fxg5 b5 52. g6+ Kg8 53. Nc6 Kf8
54. Nd4 b4 55. Nb3 Ne2 56. Kf5 Ng3+ 57. Kg5 Ne4+ 58. Kf5 Ng3+ 59. Kg4 Ne4 60.
Kf5 Ng3+ 61. Kg4 1/2-1/2

[Event "World Rapid Team 2023"]
[Site "Dusseldorf GER"]
[Date "2023.08.26"]
[Round "2.10"]
[Board "1"]
[White "Dominguez Perez, Leinier"]
[Black "Rabiega, Robert"]
[Result "1-0"]
[WhiteTitle "GM"]
[BlackTitle "GM"]
[WhiteElo "2739"]
[BlackElo "2468"]
[WhiteTeam "Chess Pensioners"]
[BlackTeam "Berlin Chess Federation"]
[WhiteFideId "3503240"]
[BlackFideId "4601475"]
[EventDate "2023.08.26"]

1. e4 e5 2. Nf3 Nf6 3. Nxe5 d6 4. Nf3 Nxe4 5. d4 d5 6. Bd3 Bd6 7. O-O O-O 8. c4
c6 9. Re1 Bf5 10. Qb3 Na6 11. cxd5 cxd5 12. Nc3 Nb4 13. Bxe4 dxe4 14. Bg5 Qd7
15. Nxe4 Be6 16. Qa3 a5 17. d5 Bxd5 18. Nxd6 Qxd6 19. Be7 Qg6 20. Nh4 Qg4 21. h3
Qf4 22. g3 Qc7 23. Bxf8 Rxf8 24. Rac1 Qd7 25. g4 b6 26. Nf5 Be6 27. Rcd1 Qb7 28.
Qc3 Bxf5 29. gxf5 h6 30. a3 Na6 31. f6 g6 32. Re7 Qa8 33. b4 axb4 34. axb4 b5
35. Rd6 Rc8 36. Qe3 Nxb4 37. Qxh6 1-0

[Event "World Rapid Team 2023"]
[Site "Dusseldorf GER"]
[Date "2023.08.26"]
[Round "2.10"]
[Board "2"]
[White "Baskin, Robert"]
[Black "Svidler, Peter"]
[Result "1-0"]
[WhiteTitle "IM"]
[BlackTitle "GM"]
[WhiteElo "2451"]
[BlackElo "2688"]
[WhiteTeam "Berlin Chess Federation"]
[BlackTeam "Chess Pensioners"]
[WhiteFideId "24662402"]
[BlackFideId "4102142"]
[EventDate "2023.08.26"]

1. e4 c5 2. Nf3 e6 3. c3 d5 4. exd5 exd5 5. d4 Nf6 6. Be3 c4 7. b3 cxb3 8. axb3
Bd6 9. Bd3 O-O 10. O-O Nc6 11. Nbd2 h6 12. h3 Re8 13. Re1 Ne4 14. c4 Bf5 15. Bf1
Nb4 16. Nxe4 Bxe4 17. Ra4 Nc2 18. Re2 Bxf3 19. Qxc2 Bxe2 20. Bxe2 Rxe3 21. fxe3
Qg5 22. Qd3 Re8 23. Rxa7 g6 24. c5 Bg3 25. Rxb7 Rxe3 26. Qd2 Qf4 27. Bf1 Bh2+
28. Kh1 Rxh3 29. Qxf4 1-0

[Event "World Rapid Team 2023"]
[Site "Dusseldorf GER"]
[Date "2023.08.26"]
[Round "2.10"]
[Board "4"]
[White "Paehtz, Elisabeth"]
[Black "Sadvakasov, Darmen"]
[Result "0-1"]
[WhiteTitle "GM"]
[BlackTitle "GM"]
[WhiteElo "2471"]
[BlackElo "2629"]
[WhiteTeam "Berlin Chess Federation"]
[BlackTeam "Chess Pensioners"]
[WhiteFideId "4641833"]
[BlackFideId "13700464"]
[EventDate "2023.08.26"]

1. d4 Nf6 2. Nf3 d5 3. Bf4 c5 4. e3 Nc6 5. Nbd2 Bg4 6. c3 e6 7. Qa4 Nd7 8. Ne5
Ncxe5 9. Bxe5 c4 10. b3 cxb3 11. axb3 a6 12. c4 f6 13. Bg3 Be7 14. Bd3 O-O 15.
Qa2 Re8 16. Qc2 Nf8 17. O-O Rc8 18. h3 Bh5 19. Nf3 Bd6 20. Bxd6 Qxd6 21. Qe2 e5
22. g4 Bf7 23. dxe5 fxe5 24. Bf5 Rcd8 25. Bc2 dxc4 26. bxc4 Qc7 27. Ra4 Ne6 28.
Rb4 Nc5 29. Ng5 e4 30. Rfb1 Bg6 31. h4 Qe7 32. Rb6 Rd6 33. Rxd6 Qxd6 34. Nh3 Bf7
35. Nf4 Rd8 36. Rd1 Qe7 37. g5 Rxd1+ 38. Bxd1 Qd7 39. Bc2 g6 40. Kh2 Be6 41. Kg3
Qd6 42. h5 gxh5 43. Qxh5 Bxc4 44. Qe8+ Kg7 45. Qc8 Bf7 46. Kg2 Qe5 47. Qg4 b5
48. f3 b4 49. fxe4 Qb2 50. Qe2 b3 51. Bd1 Qxe2+ 52. Nxe2 a5 53. Nc3 a4 0-1

[Event "World Rapid Team 2023"]
[Site "Dusseldorf GER"]
[Date "2023.08.26"]
[Round "2.10"]
[Board "5"]
[White "Houska, Jovanka"]
[Black "Meyer-Dunker, Paul"]
[Result "0-1"]
[WhiteTitle "IM"]
[WhiteElo "2340"]
[BlackElo "2055"]
[WhiteTeam "Chess Pensioners"]
[BlackTeam "Berlin Chess Federation"]
[WhiteFideId "405094"]
[BlackFideId "24657280"]
[EventDate "2023.08.26"]

1. d4 d5 2. Bg5 Nf6 3. e3 e6 4. Bd3 c5 5. c3 Nc6 6. Nd2 Qb6 7. Rb1 e5 8. Bxf6
gxf6 9. dxc5 Bxc5 10. Ne2 Bg4 11. Qa4 Rg8 12. Nf1 Bd7 13. Qh4 O-O-O 14. Nfg3 Rg5
15. Qxh7 e4 16. Bc2 Ne5 17. O-O Rgg8 18. Qh4 Rh8 19. Nh5 Ng6 20. Qxf6 Rxh5 21.
Qxf7 Rdh8 22. h3 Bxh3 23. gxh3 Rxh3 24. Ng3 Bxe3 25. Qf5+ Kb8 26. Qg4 Qd6 27.
Kg2 Rh2+ 28. Kg1 Rh1+ 0-1

[Event "World Rapid Team 2023"]
[Site "Dusseldorf GER"]
[Date "2023.08.26"]
[Round "2.11"]
[Board "1"]
[White "Adly, Ahmed"]
[Black "Seel, Christian"]
[Result "1-0"]
[WhiteTitle "GM"]
[BlackTitle "IM"]
[WhiteElo "2596"]
[BlackElo "2477"]
[WhiteTeam "Africa"]
[BlackTeam "Aachener Schachverein von 1856"]
[WhiteFideId "10601619"]
[BlackFideId "4663098"]
[EventDate "2023.08.26"]

1. d4 d5 2. Nf3 Nf6 3. g3 g6 4. Bg2 Bg7 5. c4 dxc4 6. Na3 O-O 7. O-O Nc6 8. Nxc4
Be6 9. Ne3 Nd5 10. Ng5 Nxe3 11. fxe3 Bc8 12. Ne4 e5 13. d5 Ne7 14. Nc3 Nf5 15.
e4 Nd6 16. b3 h5 17. a4 h4 18. Qd3 a6 19. Bd2 Bd7 20. Rac1 Qe7 21. Nd1 h3 22.
Bf3 f5 23. Nf2 Rac8 24. Bb4 Bh6 25. Rc3 Kg7 26. Qc2 fxe4 27. Nxe4 Bf5 28. Rc4
Be3+ 29. Kh1 b5 30. Rc6 Qd7 31. Qd3 Bd4 32. Rfc1 bxa4 33. bxa4 Qf7 34. Bxd6 cxd6
35. Rxc8 Rxc8 36. Rxc8 Bxc8 37. Nxd6 Qd7 38. Qa3 Qc7 39. Ne8+ 1-0

[Event "World Rapid Team 2023"]
[Site "Dusseldorf GER"]
[Date "2023.08.26"]
[Round "2.11"]
[Board "2"]
[White "Vandenbussche, Thibaut"]
[Black "Bellahcene, Bilel"]
[Result "0-1"]
[WhiteTitle "IM"]
[BlackTitle "GM"]
[WhiteElo "2439"]
[BlackElo "2515"]
[WhiteTeam "Aachener Schachverein von 1856"]
[BlackTeam "Africa"]
[WhiteFideId "204412"]
[BlackFideId "696358"]
[EventDate "2023.08.26"]

1. e4 c5 2. Nf3 e6 3. d4 cxd4 4. Nxd4 Nf6 5. Nc3 Nc6 6. g3 Bb4 7. Bg2 Bxc3+ 8.
bxc3 Qa5 9. O-O O-O 10. Rb1 Qxc3 11. Nb5 Qa5 12. Ba3 Rd8 13. Bb2 Ne8 14. Bc3
Qxa2 15. Qg4 d5 16. exd5 exd5 17. Qf4 Qxc2 18. Rfe1 Be6 19. Rb2 Qg6 20. Rbe2
Rac8 21. Rxe6 fxe6 22. Bh3 e5 23. Bxe5 Nxe5 24. Qxe5 Ra8 25. Be6+ Kh8 26. Bxd5
Nf6 27. Be6 Qh5 28. Qb2 Rd1 29. Rxd1 Qxd1+ 30. Kg2 Re8 31. Qe5 Qd7 32. Nd4 a5
33. g4 a4 34. g5 Rxe6 35. Qxe6 Qxe6 36. Nxe6 Ne4 37. f4 a3 38. Nd4 a2 39. Nc2 b5
40. Kf3 b4 41. Na1 b3 42. Nxb3 Nd2+ 0-1

[Event "World Rapid Team 2023"]
[Site "Dusseldorf GER"]
[Date "2023.08.26"]
[Round "2.11"]
[Board "3"]
[White "Solomon, Kenny"]
[Black "Koch, Thomas1"]
[Result "0-1"]
[WhiteTitle "GM"]
[BlackTitle "IM"]
[WhiteElo "2324"]
[BlackElo "2426"]
[WhiteTeam "Africa"]
[BlackTeam "Aachener Schachverein von 1856"]
[WhiteFideId "14300192"]
[BlackFideId "4600533"]
[EventDate "2023.08.26"]

1. d4 Nf6 2. c4 e6 3. Nf3 b6 4. g3 Ba6 5. b3 Bb7 6. Bg2 Bb4+ 7. Bd2 Be7 8. O-O
O-O 9. Nc3 d5 10. cxd5 exd5 11. Ne5 Na6 12. h4 c5 13. e3 Nc7 14. Re1 Ne6 15.
dxc5 Nxc5 16. b4 Nce4 17. Ne2 Re8 18. b5 Bc5 19. Nd3 a6 20. bxa6 Bxa6 21. Nxc5
bxc5 22. Nc3 Bc4 23. a4 Ra6 24. Qc2 Nxf2 25. Kxf2 Ng4+ 26. Kg1 Qd6 27. Qf5 Qxg3
28. Qf4 Qxh4 29. e4 Rf6 30. exd5 Rf8 31. Qg5 Qf2+ 32. Kh1 Rh6+ 33. Qxh6 gxh6 0-1

[Event "World Rapid Team 2023"]
[Site "Dusseldorf GER"]
[Date "2023.08.26"]
[Round "2.11"]
[Board "4"]
[White "Ahn, Martin"]
[Black "Zouaoui, Mohamed"]
[Result "1-0"]
[WhiteTitle "FM"]
[WhiteElo "2153"]
[BlackElo "2168"]
[WhiteTeam "Aachener Schachverein von 1856"]
[BlackTeam "Africa"]
[WhiteFideId "200972"]
[BlackFideId "5507588"]
[EventDate "2023.08.26"]

1. e4 d6 2. d4 Nf6 3. Nc3 Nbd7 4. g4 e5 5. g5 exd4 6. Qxd4 Ng4 7. Bg2 Nc5 8. f4
h6 9. h3 hxg5 10. hxg4 Rxh1 11. Bxh1 gxf4 12. Bf3 Ne6 13. Qf2 g5 14. Nge2 Bg7
15. b3 c6 16. Bb2 Qe7 17. O-O-O Bd7 18. Kb1 b5 19. e5 d5 20. Bxd5 cxd5 21. Nxd5
Qd8 22. Nd4 Nxd4 23. Qxd4 Be6 24. Qc5 Rc8 25. Nf6+ Qxf6 26. Qxc8+ Bxc8 27. exf6
Bf8 28. Rd5 Bxg4 29. Rxg5 Be2 30. Re5+ 1-0

[Event "World Rapid Team 2023"]
[Site "Dusseldorf GER"]
[Date "2023.08.26"]
[Round "2.11"]
[Board "5"]
[White "February, Jesse Nikki"]
[Black "Ahn, Maximilian"]
[Result "1-0"]
[WhiteTitle "WIM"]
[WhiteElo "1849"]
[BlackElo "1690"]
[WhiteTeam "Africa"]
[BlackTeam "Aachener Schachverein von 1856"]
[WhiteFideId "14312336"]
[BlackFideId "255840"]
[EventDate "2023.08.26"]

1. d4 Nf6 2. Nf3 g6 3. Bg5 Bg7 4. Nbd2 d5 5. e3 O-O 6. Bd3 c5 7. c3 Nbd7 8. Qe2
Re8 9. O-O h6 10. Bh4 e5 11. dxe5 Nxe5 12. Nxe5 Rxe5 13. Nf3 Re8 14. Rad1 Qc7
15. Bg3 Qb6 16. Bb5 Rd8 17. h3 Ne4 18. Be5 Be6 19. Bxg7 Kxg7 20. a3 c4 21. Ba4
Nc5 22. Bc2 Qxb2 23. Qd2 Qb6 24. Qd4+ Kg8 25. Qf4 Qd6 26. Qxh6 Qf8 27. Qh4 Rac8
28. Ng5 Qg7 29. Rd4 f6 30. Nxe6 Nxe6 31. Rg4 g5 32. Qg3 Kf7 33. Bf5 Rc6 34. Rb1
b6 35. h4 Rh8 36. Bxe6+ Kxe6 37. e4 Qd7 38. hxg5 fxg5 39. Rxg5 dxe4 40. Qe5+ Kf7
41. Rg7+ Kf8 42. Rxd7 1-0

[Event "World Rapid Team 2023"]
[Site "Dusseldorf GER"]
[Date "2023.08.26"]
[Round "2.11"]
[Board "6"]
[White "Ahn, Anastasia"]
[Black "Odiah, Isaac Babu"]
[Result "1-0"]
[WhiteElo "1592"]
[BlackElo "1893"]
[WhiteTeam "Aachener Schachverein von 1856"]
[BlackTeam "Africa"]
[WhiteFideId "252220"]
[BlackFideId "10800549"]
[EventDate "2023.08.26"]

1. d4 Nf6 2. Nc3 d5 3. Bf4 a6 4. e3 Nc6 5. Nf3 e6 6. Bd3 h6 7. h3 Bd6 8. Ne5 O-O
9. Qf3 Bb4 10. g4 Bxc3+ 11. bxc3 Nxe5 12. dxe5 Nh7 13. h4 f6 14. Qg3 c5 15. g5
fxe5 16. gxh6 Qf6 17. Bxe5 Qxh6 18. Rg1 Nf6 19. Bf4 Qh8 20. Be5 Qh6 21. O-O-O 1-0